01056nam a2200157Ia 450000500170000000800410001702000180005808200110007610000190008724500770010626000330018330000300021650000410024652005830028765000280087020250117103824.0250117s9999 xx 000 0 und d a9781946885142 a330JOS aPeter, Joseph. 4aThe new human rights movementbreinventing the economy to end oppression aDallasbBenBella Booksc2017 axxi, 423p. : ill. ; 23 cm aIncludes bibliographical references. aIn our interconnected world, self-interest and social-interest are rapidly becoming indistinguishable. If current negative trajectories remain, including growing climate destabilization, biodiversity loss, and economic inequality, an impending future of ecological collapse and societal destabilization will make ?personal success? virtually meaningless. Yet our broken social system incentivizes behavior that will only make our problems worse. If true human rights progress is to be achieved today, it is time we dig deeper?rethinking the very foundation of our social system. aHuman rights movements.